| 000 | 01039nam a22003257a 4500 | ||
|---|---|---|---|
| 001 | 89 | ||
| 003 | FISKH | ||
| 005 | 20231122141124.0 | ||
| 008 | 230222b cb ||||| |||| 00| 0 eng d | ||
| 010 | _a 2004020553 | ||
| 020 | _a9780439853118 | ||
| 035 | _a(OCoLC)ocm56560661 | ||
| 040 |
_aDLC _cDLC _dIG# _dBAKER _dCKK _dEHH _dDLC _dFISKH _beng |
||
| 042 | _alcac | ||
| 050 | 0 | 0 |
_aPZ7.A7379 _bHi 2005 |
| 082 | 0 | 0 |
_a813.54 _222 |
| 100 | 1 | _aArnold, Tedd | |
| 245 | 1 | 0 |
_aHi! Fly Guy / _cTedd Arnold. |
| 250 | _aThis edition first printing, May 2009 | ||
| 260 |
_aNew York : _bScholastic, _c2005 |
||
| 300 |
_a30 pages : _bcolor illustrations; _c23 cm |
||
| 505 | _aG | ||
| 520 | _aWhen Buzz captures a fly to enter in The Amazing Pet Show, his parents and the judges tell him that a fly cannot be a pet, but Fly Guy proves them wrong. | ||
| 521 | 8 |
_a380
_bLexile |
|
| 521 | 8 |
_aG
_bRaz-Plus |
|
| 650 | 1 |
_aFlies _vFiction. |
|
| 650 | 1 |
_aPet shows _vFiction. |
|
| 906 |
_a7 _bcbc _corignew _d1 _eecip _f20 _gy-gencatlg |
||
| 942 |
_2ddc _cBK |
||
| 999 |
_c89 _d89 |
||